000
00248 a2200097 4500
001
46752
100
_a
Whicchouse A
245
_a
Decisive air battles of the first world war
260
_a
New York
_b
Duell Sloan & pearce
_c
090
_c
29846
_d
29846
942
_a
NUST-CAE
_c
M
_c
22053
999
_c
281825
_d
281825